| Tag |
First Indicator |
Second Indicator |
Subfields |
| LEADER |
00000cam a2200000 4500 |
| 001 |
in00000064636 |
| 005 |
20151007083353.0 |
| 008 |
770127s1949 enkb 00000 eng |
| 010 |
|
|
|a 50005685
|
| 035 |
|
|
|a (OCoLC)02705563
|
| 035 |
|
|
|9 AAF9263AM
|
| 040 |
|
|
|a DLC
|c CIN
|d TXA
|d UtOrBLW
|
| 049 |
|
|
|a TXAM
|c [235240]
|
| 050 |
|
0 |
|a DS126.4
|b .T5
|
| 092 |
|
|
|a 323.1569
|b T428a
|
| 100 |
1 |
|
|a Thicknesse, Sibylla Gratiana,
|d 1920-
|
| 245 |
1 |
0 |
|a Arab refugees :
|b a survey of resettlement possibilities.
|
| 264 |
|
1 |
|a London,
|a New York :
|b Royal Institute of International Affairs,
|c [1949]
|
| 300 |
|
|
|a viii, 68 pages :
|b maps. ;
|c 22 cm.
|
| 336 |
|
|
|a text
|b txt
|2 rdacontent
|
| 337 |
|
|
|a unmediated
|b n
|2 rdamedia
|
| 338 |
|
|
|a volume
|b nc
|2 rdacarrier
|
| 650 |
|
0 |
|a Refugees, Arab.
|
| 650 |
|
0 |
|a Palestinian Arabs.
|
| 999 |
|
|
|a MARS
|
| 999 |
f |
f |
|s 4cac58c3-93f1-321c-be2b-549b8b06e00f
|i bfdfcfd3-16b0-3678-81a4-3ba08e3a77d7
|t 0
|
| 952 |
f |
f |
|p ric
|a Texas A&M University
|b Rellis Campus
|c Joint Library Facility
|d Remote Storage
|t 0
|e DS126.4 .T5
|h Library of Congress classification
|i unmediated -- volume
|m A14800664013
|
| 998 |
f |
f |
|a DS126.4 .T5
|t 0
|l Remote Storage
|